Bruxelles / (Registro nro. 172439)

Detalles MARC
000 -LEADER
campo de control de longitud fija 00919nam a2200265 i 4500
001 - NÚMERO DE CONTROL
campo de control 172439
003 - IDENTIFICADOR DE NÚMERO DE CONTROL
campo de control ES-MaACL
005 - FECHA Y HORA DE LA ÚLTIMA TRANSACCIÓN
campo de control 20251110063234.0
008 - DATOS DE LONGITUD FIJA--INFORMACIÓN GENERAL
campo de control de longitud fija 090707s1926 fr a |||| | fre d
080 ## - NÚMERO DE LA CLASIFICACIÓN DECIMAL UNIVERSAL
Número de la Clasificación Decimal Universal 7(493.21 B.)
080 ## - NÚMERO DE LA CLASIFICACIÓN DECIMAL UNIVERSAL
Número de la Clasificación Decimal Universal 908(493.21 B.)
100 1# - ENTRADA PRINCIPAL--NOMBRE DE PERSONA
Nombre de persona Hymans, Henri,
Fechas asociadas al nombre 1836-1912
9 (RLIN) 64882
245 10 - MENCIÓN DEL TÍTULO
Título Bruxelles /
Mención de responsabilidad, etc. par Henri Hymans.
250 ## - MENCION DE EDICION
Mención de edición 10e éd.
Resto de la mención de edición rev. et complétée par Fernand Donnet.
260 ## - PUBLICACIÓN, DISTRIBUCIÓN, ETC.
Lugar de publicación, distribución, etc. Paris :
Nombre del editor, distribuidor, etc. Librairie Renouard, H. Laurens, éd.,
Fecha de publicación, distribución, etc. 1926.
300 ## - DESCRIPCIÓN FÍSICA
Extensión 177 p. :
Otras características físicas il., grab. ;
Dimensiones 26 cm.
490 1# - MENCIÓN DE SERIE
Mención de serie Les villes d'art célèbres
599 ## - NOTA A LAS ILUSTRACIONES
NOTA A LAS ILUSTRACIONES Obra decorada con 139 grabados.
650 #7 - PUNTO DE ACCESO ADICIONAL DE MATERIA--TÉRMINO DE MATERIA
Término de materia o nombre geográfico como elemento de entrada Arte belga
Fuente del encabezamiento o término embne
9 (RLIN) 162168
651 #4 - PUNTO DE ACCESO ADICIONAL DE MATERIA--NOMBRE GEOGRÁFICO
Nombre geográfico Bruselas-
Subdivisión general Descripción.
9 (RLIN) 140971
700 1# - ENTRADA AGREGADA--NOMBRE PERSONAL
Nombre de persona Donnet, Fernand.
9 (RLIN) 140973
830 0# - PUNTO DE ACCESO ADICIONAL DE SERIE-TÍTULO UNIFORME
Título uniforme Les villes d'art célèbres
9 (RLIN) 181445
852 4# - LOCALIZACIÓN
Ubicación ES-MaACL
Número de control de estantería E-12754
Nota libre . - Biblioteca Jacinto Martínez Lacalle
Existencias
Estatus retirado Estado de pérdida Estado de daño No para préstamo Biblioteca de origen Biblioteca actual Ubicación en estantería Fecha de adquisición Fuente de adquisición Total de préstamos Signatura topográfica completa Código de barras Visto por última vez Precio de reemplazo Tipo de ítem Koha
        Biblioteca del Ateneo de Madrid Biblioteca del Ateneo de Madrid Depósito 2 07/07/2009     E-12754 1180962 23/02/2023 23/02/2023 Libro impreso